00384 2200157 4500001002100000005001500021035002000036245004300056100001700099300002600116260002800142082000800170084001400178020002200192990001200214INLIS00000000000298620250918071517 a0010-09250003331 aKetika Mulai Mencintai /cNenny Makmun0 aNenny Makmun a200 hlm ;c13 x 19 cm aJakarta :bZettu,c2014 a813 a813 NEN k a978-602-7999-12-1 a0755647